箱根駅伝本戦出場校 - Statistics

General Stats
  • This quiz has been taken 2,979 times
    2,295 since last reset
  • The average score is 25 of 42
Answer Stats
Answer Appear. Latest % Correct
青山学院大学 29 第100回
98%
早稲田大学 93 第100回
94%
中央大学 97 第100回
93%
東京大学 1 第60回
93%
明治大学 65 第100回
91%
日本大学 90 第100回
90%
法政大学 84 第100回
88%
駒澤大学 58 第100回
87%
立教大学 29 第100回
87%
東洋大学 82 第100回
85%
日本体育大学 76 第100回
79%
東海大学 51 第99回
79%
國學院大學 17 第100回
76%
専修大学 71 第99回
74%
山梨学院大学 37 第100回
73%
帝京大学 25 第100回
72%
大東文化大学 52 第100回
71%
神奈川大学 54 第100回
70%
筑波大学 61 第96回
65%
東京農業大学 70 第100回
63%
国士舘大学 52 第100回
63%
慶應義塾大学 30 第70回
63%
東京国際大学 7 第99回
63%
創価大学 7 第100回
63%
亜細亜大学 33 第86回
62%
順天堂大学 65 第100回
58%
中央学院大学 23 第100回
57%
城西大学 18 第100回
50%
駿河台大学 2 第100回
49%
拓殖大学 42 第97回
46%
上武大学 11 第95回
46%
横浜国立大学 10 第32回
39%
埼玉大学 1 第35回
39%
関東学院大学 6 第80回
35%
成蹊大学 1 第28回
31%
関西大学 3 第13回
24%
東京学芸大学 8 第60回
23%
東京農工大学 5 第7回
22%
横浜市立大学 6 第40回
19%
平成国際大学 1 第77回
16%
防衛大学校 2 第39回
11%
日本歯科大学 17 第21回
8%
No matching quizzes found
Score Distribution
Percent of People with Each Score
Percentile by Number Answered
Your Score History
You have not taken this quiz since the last reset